000
00327nam a2200145Ia 4500
100
_a
Roalman/A.R
650
_a
General
942
_c
BK
654
_a
Public Relations
245
_a
Profitable Public Relations
260
_b
Taraporevala Publshing Industries
_c
2001
082
_a
659.2
300
_a
240
546
_a
ENGLISH
999
_c
27320
_d
27320